| 000 | 00632nam a2200217 4500 | ||
|---|---|---|---|
| 001 | 122995 | ||
| 003 | ES-MaACL | ||
| 005 | 20230906192102.0 | ||
| 007 | t| | ||
| 008 | 070214s1984 fr r ||||0| fre d | ||
| 020 | _a2-7073-0699-1 | ||
| 100 | 1 |
_aPutnam, Hilary. _994434 |
|
| 245 | 1 | 0 |
_aRaison, vérité et histoire / _cHilary Putnam ; traduit de l'anglais par Abel Gerschenfeld. |
| 260 |
_aParis : _bMinuit, _c1984. |
||
| 300 |
_a242 p ; _c22 cm. |
||
| 490 | 1 | _aPropositions | |
| 700 | 1 |
_aGerschenfeld, Abel. _956497 |
|
| 830 | 0 |
_aPropositions _9177824 |
|
| 852 |
_aES-MaACL _jL-11898 _bR.113489 |
||
| 999 |
_c122995 _d122995 |
||